=LDR 00000nam 2200000 4500 =001 INLIS000000000019761 =005 20130612114807 =008 ***********************************Ind** =035 ##$$0010-061300000019761 =041 ##$$a Ind =082 ##$$a R.005.369 =090 ##$$a R.005.369, Med p =100 ##$$a Mcdonnald, Timothy =245 ##$$a Panduan praktis berilustrasi, Novell Netware soffwere versi 2.x/3x, Tomothy Mc Donnald =260 ##$$a Elex Media Komputindo $b Jakarta =300 ##$$a x, 240 hlm, ilus, 21 cm =650 ##$$a Komputer-Program Nevell netware =850 ##$$a NBPNMAT